| 000 | 01068nam a2200289 a 4500 | ||
|---|---|---|---|
| 001 | 000111919 | ||
| 003 | CHAP | ||
| 005 | 20220329144235.0 | ||
| 008 | 151013s2015 mx a |sm |||||||spa d | ||
| 010 | _a108380 | ||
| 011 | _a109352 | ||
| 040 | _cCHAP | ||
| 090 | _aTesis | ||
| 100 | 1 |
_aSánchez Ceja, Víctor Manuel _9129903 |
|
| 245 | 1 | 0 |
_aEvaluación de la degradación del suelo a nivel municipal en Villamar, Michoacán _h[En línea] _cpor Víctor Manuel Sánchez Ceja. |
| 260 |
_aChapingo, Méx. : _bEl autor, _c2015. |
||
| 500 | _aPara ver el contenido del material haga clic en la liga | ||
| 502 | _aTesis (Ing. Agr. Esp. en Suelos) -- UACH. Departamento de Enseñanza, Investigación y Servicio en Suelos | ||
| 590 |
_aE5652GLJ _b05 _c20151013 _lUCH01 _h1201 |
||
| 590 |
_aE5652GLJ _b05 _c20151013 _lUCH01 _h1202 |
||
| 650 | 1 | 4 |
_aLevantamiento fisiográfico _xMichoacán. _966411 |
| 650 | 1 | 4 |
_aSuelos _xDegradación. _9110336 |
| 856 |
_aFinding aid _uhttp://10.13.5.2/tesis/sist111919.pdf _zTeclea aquí |
||
| 901 | _aBK | ||
| 942 | _cTESIS | ||
| 942 | _n0 | ||
| 999 |
_c108380 _d108380 |
||